| 000 | 00653nam a22001937a 4500 | ||
|---|---|---|---|
| 003 | 0 | ||
| 005 | 20240808091109.0 | ||
| 008 | 240808b xxu||||| |||| 00| 0 eng d | ||
| 020 | _a978-1-98468-533-9 | ||
| 050 |
_aRT 41 _b.T57 2024 |
||
| 110 | _a3G E-Learning | ||
| 245 |
_aNurse digest: guide to specimen collection, preparation, and handling procedures _c3G E-Learning |
||
| 260 |
_aNew York _b3G E- Learning LLC _c2024 |
||
| 300 |
_axi, 249 pages : _bcolored illustrations ; _c23cm. |
||
| 504 | _aIncludes bibliographical references, glossary, and index. | ||
| 650 | _aNursing. | ||
| 650 | _aSpecimen Collection--Nursing. | ||
| 942 |
_2lcc _cBK |
||
| 999 |
_c366059 _d366059 |
||